ბათუმის შოთა რუსთაველის სახელმწიფო უნივერსიტეტის ბიბლიოთეკა

365 Thincs to make and do (ბიბ.ჩანაწერი № 46527)

000 -LEADER
fixed length control field 00516nam a2200217Ia 4500
001 - CONTROL NUMBER
control field 13366
003 - CONTROL NUMBER IDENTIFIER
control field GE_BSU
008 - FIXED-LENGTH DATA ELEMENTS--GENERAL INFORMATION
fixed length control field 181216s||||||||xx |||||||||||||| ||und||
020 ## - INTERNATIONAL STANDARD BOOK NUMBER
International Standard Book Number 0752532987
040 ## - CATALOGING SOURCE
Transcribing agency GE_BSU
080 ## - UNIVERSAL DECIMAL CLASSIFICATION NUMBER
Universal Decimal Classification number 745/749
100 ## - MAIN ENTRY--PERSONAL NAME
Personal name Bolton,Vivienne
245 ## - TITLE STATEMENT
Title 365 Thincs to make and do
245 ## - TITLE STATEMENT
Statement of responsibility, etc. Editor:Barbara Segall.Photography Patrick Spillane
260 ## - PUBLICATION, DISTRIBUTION, ETC.
Place of publication, distribution, etc. Italy
260 ## - PUBLICATION, DISTRIBUTION, ETC.
Name of publisher, distributor, etc. Parragon
260 ## - PUBLICATION, DISTRIBUTION, ETC.
Date of publication, distribution, etc. 1998
300 ## - PHYSICAL DESCRIPTION
Extent 256p.29cm.
653 ## - INDEX TERM--UNCONTROLLED
Uncontrolled term 365 Thincs to make and do
942 ## - ADDED ENTRY ELEMENTS (KOHA)
Koha item type წიგნი
ეგზემპლარები
Withdrawn status Lost status Damaged status Not for loan Date acquired Barcode Date last seen Price effective from Koha item type
        2018-12-17 36925 2018-12-17 2018-12-17 წიგნი